| 000 -LEADER |
| fixed length control field |
00464nam a22001817a 4500 |
| 008 - FIXED-LENGTH DATA ELEMENTS--GENERAL INFORMATION |
| fixed length control field |
150612b xxu||||| |||| 00| 0 eng d |
| 020 ## - INTERNATIONAL STANDARD BOOK NUMBER |
| International Standard Book Number |
1928623050 |
| 041 0# - LANGUAGE CODE |
| Language code of text/sound track or separate title |
eng |
| 080 ## - UNIVERSAL DECIMAL CLASSIFICATION NUMBER |
| Universal Decimal Classification number |
573.6 |
| 100 1# - Rafti |
| Rafti |
Gangwere, Stan K. |
| 245 10 - TITLE STATEMENT |
| Title |
Entomology / |
| Statement of responsibility, etc |
S.K. Gangwere. |
| 250 ## - |
| -- |
1st ed. |
| 260 ## - |
| -- |
LIvonia, MI : |
| -- |
First Page Publications, |
| -- |
2005. |
| 300 ## - |
| -- |
353 f.: |
| -- |
me il.; |
| -- |
23 cm. |
| 505 ## - |
| -- |
Index: f.351-353 |
| 650 #0 - |
| -- |
Biologji |
| 942 ## - ADDED ENTRY ELEMENTS (KOHA) |
| Source of classification or shelving scheme |
|
| Item type |
Books |